000 01251nam1a2200313 i 4500
001 RU\NLR\bibl\312027
005 20240902160325.0
035 _a(NLR Aleph) 000307154
090 _a21451
_c21451
100 _a20020927g20022002u y0rusy50 ca
101 0 _arus
102 _aRU
105 _aa |||||||||
200 1 _aГалерея античных философов
_e[Учеб. пособие]
_eВ 2 т.
_fВ. Я. Кисиль, В. В. Рибери
210 _aМ.
_cГранд
_cФаир
_d2002
215 _d21
300 _aНа 4-й с. обл. 1-й авт.: В.Я. Кисиль - проф. философии
463 0 _1001302020
463 0 _1001302021
606 0 _aФилософы
_xАнтичный мир
_jРуководства, пособия и т.п.
_2nlr-sh1
_3RU\NLR\auth\661354226
606 0 _aФилософы
_xАнтичный мир
_jУчебные издания
_2nlr-sh2
_3RU\NLR\auth\661354226
686 _aЮ3(0)я7
700 1 _aКисиль
_bВ. Я.
_gВасилий Яковлевич
_4070
701 1 _aРибери
_bВ. В.
_gВероника Васильевна
_4070
801 0 _aRU
_bNLR
_c20020927
_gPSBO
801 1 _aRU
_bNLR
_c20020927
852 _aNLR
_j2002-5/4927
942 _cBOOK